000 00436cam a2200181ua 4500
020 _cRs 0.50
041 _aeng
_h
082 _a320.58
_bGAN/KE
100 _aGandhi, M K.
245 _aKey to health /
_cM K Gandhi.
_hTextual Documents
260 _aAhmadabad :
_bNavajivan publishing house ,
_c1948.
300 _a84 ; .
365 _aRs 0.50
504 _a
650 _aGandhiana
942 _cBK
999 _c2301
_d2301